Organic chemistry: Structure and reactivity
This edition is students can trully learn organic chemistry only if there are actively involved in developing a practice understanding of the causes of chemical change.
Sparad:
| Huvudupphovsman: | |
|---|---|
| Materialtyp: | Bok |
| Språk: | Undetermined |
| Publicerad: |
Boston
Houghton Mifflin
1994
|
| Ämnen: | |
| Taggar: |
Lägg till en tagg
Inga taggar, Lägg till första taggen!
|
| Thư viện lưu trữ: | Trung tâm Học liệu Trường Đại học Cần Thơ |
|---|
| LEADER | 00709nam a2200205Ia 4500 | ||
|---|---|---|---|
| 001 | CTU_148694 | ||
| 008 | 210402s9999 xx 000 0 und d | ||
| 082 | |a 547 | ||
| 082 | |b E29 | ||
| 100 | |a Eğe, Seyhan N. | ||
| 245 | 0 | |a Organic chemistry: | |
| 245 | 0 | |b Structure and reactivity | |
| 245 | 0 | |c Seyhan N.Ege | |
| 260 | |a Boston | ||
| 260 | |b Houghton Mifflin | ||
| 260 | |c 1994 | ||
| 520 | |a This edition is students can trully learn organic chemistry only if there are actively involved in developing a practice understanding of the causes of chemical change. | ||
| 650 | |a Chemistry, Organic,Hóa học, vô cơ | ||
| 904 | |i Tuyến | ||
| 980 | |a Trung tâm Học liệu Trường Đại học Cần Thơ | ||